LEGO Ninjago: Kryptarium Numbers - Statistics

General Stats
  • This quiz has been taken 49 times
  • The average score is 6 of 9
Answer Stats
Character Number % Correct
Kai 70600
91%
Jay 70602
84%
Zane 70603
84%
Nya 70604
81%
Lloyd 70601
75%
Cole 70599
66%
Pythor 86753
38%
Captain Soto 86755
34%
No-Eyed Pete 86754
31%
No matching quizzes found
Score Distribution
Percent of People with Each Score
Percentile by Number Answered
Your Score History
You have not taken this quiz